| 000 | 00988nam a22002177a 4500 | ||
|---|---|---|---|
| 999 |
_c2147 _d2147 |
||
| 003 | AR-CdUCM | ||
| 008 | 190304b ||||| |||| 00| 0 spa d | ||
| 040 |
_aMUNICIPALIDAD PROVINCIAL DEL CUSCO _cBIBLIOTECA MUNICIPAL DEL CUSCO |
||
| 082 |
_a901 / _bM38 |
||
| 100 |
_aMeinecke, Friedrich _97733 |
||
| 245 | _aEl historicismo y su genesis / | ||
| 260 |
_aMéxico : _bFondo de cultura económica, _c1943. |
||
| 300 |
_a524 páginas ; _c23 cm. |
||
| 440 |
_aColección de obras históricas. _nI grandes estudios _97734 |
||
| 505 | _aContenido: Los precursores y la historiografía de la ilustración -- Voltaire -- Montesquieu -- El pensamiento histórico frances coetaéo y posterior a Voltaire y Montesquieu -- Histora de la ilustración francesa -- El prerromanticismo ingles: Ferguson y Burke -- El movimiento historicista alemán ... | ||
| 650 |
_aHistoricismo _97735 |
||
| 650 |
_aHistoriografía _97736 |
||
| 650 |
_aHistoria universal. _91423 |
||
| 942 |
_2ddc _cLIBROS |
||
| 945 | _azta | ||